Corrosion Control Through Organic Coatings / (Record no. 32160)
[ view plain ]
| 000 -LEADER | |
|---|---|
| fixed length control field | 01368cam a22004094a 4500 |
| 001 - CONTROL NUMBER | |
| control field | 7935914 |
| 003 - CONTROL NUMBER IDENTIFIER | |
| control field | OSt |
| 005 - DATE AND TIME OF LATEST TRANSACTION | |
| control field | 20211006111508.0 |
| 006 - FIXED-LENGTH DATA ELEMENTS--ADDITIONAL MATERIAL CHARACTERISTICS | |
| fixed length control field | m d |
| 007 - PHYSICAL DESCRIPTION FIXED FIELD--GENERAL INFORMATION | |
| fixed length control field | cr n |
| 008 - FIXED-LENGTH DATA ELEMENTS--GENERAL INFORMATION | |
| fixed length control field | 051118s2006 flua sb 011 0 eng d |
| 020 ## - INTERNATIONAL STANDARD BOOK NUMBER | |
| International Standard Book Number | 084937278X (alk. paper) |
| 035 ## - SYSTEM CONTROL NUMBER | |
| System control number | (WaSeSS)ssj0000292833 |
| 038 ## - RECORD CONTENT LICENSOR | |
| Staff Name | khadija |
| 040 ## - CATALOGING SOURCE | |
| Original cataloging agency | DLC |
| Transcribing agency | DLC |
| Modifying agency | BAKER |
| -- | C#P |
| -- | DLC |
| -- | WaSeSS |
| 042 ## - AUTHENTICATION CODE | |
| Authentication code | pcc |
| 050 #4 - LIBRARY OF CONGRESS CALL NUMBER | |
| Classification number | TA418.76 |
| Item number | .F67 2006 |
| 082 00 - DEWEY DECIMAL CLASSIFICATION NUMBER | |
| Classification number | 620.11223 |
| Edition number | 22 |
| Author Mark | FOR |
| 100 1# - MAIN ENTRY--PERSONAL NAME | |
| Personal name | Forsgren, Amy. |
| 9 (RLIN) | 82958 |
| 210 10 - ABBREVIATED TITLE | |
| Abbreviated title | Corrosion control through organic coatings |
| 245 10 - TITLE STATEMENT | |
| Title | Corrosion Control Through Organic Coatings / |
| Statement of responsibility, etc. | Amy Forsgren. |
| 260 ## - PUBLICATION, DISTRIBUTION, ETC. | |
| Place of publication, distribution, etc. | Boca Raton, FL : |
| Name of publisher, distributor, etc. | CRC/Taylor & Francis, |
| Date of publication, distribution, etc. | 2006. |
| 300 ## - PHYSICAL DESCRIPTION | |
| Extent | 161 p. ; |
| Dimensions | 24 cm. |
| 490 1# - SERIES STATEMENT | |
| Series statement | Corrosion technology |
| 500 ## - GENERAL NOTE | |
| General note | Hardcover. |
| 504 ## - BIBLIOGRAPHY, ETC. NOTE | |
| Bibliography, etc. note | Includes bibliographical references and index. |
| 506 ## - RESTRICTIONS ON ACCESS NOTE | |
| Terms governing access | License restrictions may limit access. |
| 563 ## - BINDING INFORMATION | |
| Binding note | Hardcover |
| 650 #0 - SUBJECT ADDED ENTRY--TOPICAL TERM | |
| Topical term or geographic name entry element | Protective coatings. |
| 9 (RLIN) | 21287 |
| 650 #0 - SUBJECT ADDED ENTRY--TOPICAL TERM | |
| Topical term or geographic name entry element | Corrosion and anti-corrosives. |
| 9 (RLIN) | 40953 |
| 650 #0 - SUBJECT ADDED ENTRY--TOPICAL TERM | |
| Topical term or geographic name entry element | Organic compounds. |
| 9 (RLIN) | 1263 |
| 773 #0 - HOST ITEM ENTRY | |
| Title | MATERIALSnetBASE |
| 830 #0 - SERIES ADDED ENTRY--UNIFORM TITLE | |
| Uniform title | Corrosion technology (Boca Raton, Fla.) |
| 9 (RLIN) | 82959 |
| 856 40 - ELECTRONIC LOCATION AND ACCESS | |
| Uniform Resource Identifier | <a href="http://www.columbia.edu/cgi-bin/cul/resolve?clio7935914">http://www.columbia.edu/cgi-bin/cul/resolve?clio7935914</a> |
| Public note | Full text available from MATERIALSnetBASE |
| 910 ## - USER-OPTION DATA (OCLC) | |
| User-option data | Library of Congress record |
| 942 ## - ADDED ENTRY ELEMENTS (KOHA) | |
| Source of classification or shelving scheme | |
| Koha item type | Book |
| Withdrawn status | Lost status | Source of classification or shelving scheme | Damaged status | Not for loan | Permanent Location | Current Location | Shelving location | Date acquired | Full call number | Barcode | Date last seen | Price effective from | Koha item type | Public note |
|---|---|---|---|---|---|---|---|---|---|---|---|---|---|---|
| School of Mechanical & Manufacturing Engineering (SMME) | School of Mechanical & Manufacturing Engineering (SMME) | General Stacks | 07/28/2015 | 620.11223 FOR | SMME-736 | 03/15/2018 | 07/28/2015 | Book | Rack,39-Shelf,2 |
